Mushroom : (Record no. 11497)
[ view plain ]
| 000 -LEADER | |
|---|---|
| fixed length control field | 00644nam a22002172 4500 |
| 001 - CONTROL NUMBER | |
| control field | 0000023863 |
| 005 - DATE AND TIME OF LATEST TRANSACTION | |
| control field | 20151217154506.0 |
| 008 - FIXED-LENGTH DATA ELEMENTS--GENERAL INFORMATION | |
| fixed length control field | 130410s xx 000 0 eng d |
| 020 ## - INTERNATIONAL STANDARD BOOK NUMBER | |
| International Standard Book Number | 8177542486 : |
| 040 ## - CATALOGING SOURCE | |
| Original cataloging agency | KABU |
| Transcribing agency | KABU |
| 100 1# - MAIN ENTRY--PERSONAL NAME | |
| Personal name | Suman, B. C. |
| -- | 0000183619 |
| 245 10 - TITLE STATEMENT | |
| Title | Mushroom : |
| Remainder of title | cultivation, processing and uses / |
| Statement of responsibility, etc. | B. C. Suman and V. P. Sharma. |
| 250 ## - EDITION STATEMENT | |
| Edition statement | 1st ed. |
| 260 ## - PUBLICATION, DISTRIBUTION, ETC. (IMPRINT) | |
| Place of publication, distribution, etc. | Jodhpur, India : |
| Name of publisher, distributor, etc. | AGRIBIOS, |
| Date of publication, distribution, etc. | 2007. |
| 300 ## - PHYSICAL DESCRIPTION | |
| Extent | 349 p. |
| 650 #0 - SUBJECT ADDED ENTRY--TOPICAL TERM | |
| Topical term or geographic name as entry element | Mushrooms. |
| -- | 0000183620 |
| 700 1# - ADDED ENTRY--PERSONAL NAME | |
| Personal name | Sharma, V. P. |
| -- | 0000183621 |
| 852 1# - LOCATION | |
| -- | p2690 KES |
| 908 ## - PUT COMMAND PARAMETER (RLIN) | |
| Put command parameter | 130410 |
| 950 ## - LOCAL HOLDINGS (RLIN) | |
| -- | 1 |
| Withdrawn status | Lost status | Source of classification or shelving scheme | Not for loan | Home library | Current library | Date acquired | Total Checkouts | Full call number | Barcode | Date last seen | Price effective from | Koha item type |
|---|---|---|---|---|---|---|---|---|---|---|---|---|
| Library of Congress Classification | Kabarak, Main Campus | Kabarak, Main Campus | 17/12/2015 | SB353 .S86 2007 c. 1 | 014857 | 17/12/2015 | 17/12/2015 | General Collection |